000 00396nam a2200157 a 4500
001 5865
003 CDMR
005 20130220142514.0
008 130220s2009||||||||||||||||||||||||||||d
040 _aCDMR
_bcat
_cCDMR
100 1 _aDíaz Herrera, José
_92891
245 1 0 _aPedro J. Ramírez al desnudo
_cJosé Díaz Herrera
260 _aMadrid
_bAkal
_c2009
300 _a685 p ;
_c22 cm
942 _cMON
999 _c5865
_d5865